02038nam a2200289Ia 4500952011000000952010900110952010800219952010800327952011600435952011400551999001700665008004100682020001500723050002200738100002900760240001400789245008500803260003200888300001800920500004200938500013400980504003301114505050401147519006201651650002801713942000701741 00104070a11b11d2007-01-08l14oBF39 N972 1987p11 001601r2018-06-25s2018-06-25t1w2012-06-26yLB 00104070a11b11d2007-01-08l16oBF39 N972 1987p11 003784r2023-04-20s2023-04-20t4w2012-06-26yLB 00104070a11b11d2007-01-08l9oBF39 N972 1987p11 004094r2019-10-28s2019-10-28t2w2012-06-26yLB 00104070a11b11d2007-01-08l4oBF39 N972 1987p11 004095r2023-04-21s2023-04-21t3w2012-06-26yLB 00102lcc4070a14b14d2016-09-22l3m1oBF39 N972 1987p14 006679r2017-02-09s2017-02-07t1w2016-09-22yLB 00102lcc4070a14b14d2016-12-07l4oBF39 N972 1987p14 006157r2023-05-18s2023-05-18t2w2016-12-07yLB c69246d69246120626s1987 mx 000 0 spa d a9682421632 aBF39 bN972 1987 aNunnally , Jum C.eautor lEspañol aTeoría psicométrica c/ Jum C. Nunnally; traducción de Elisa M. González aMéxicob: Trillasc, 1987 a731 páginas atraducción de : Psychometric theory aIncluye: Prólogo (pp. 5-7), Introducción (pp. 15-48), Índice onomástico (pp. 723-724), Índice analítico (pp. 725-731) aBibliografía (pp. 716-722) aModelos de medición escalar Validez Varianza y covarianza Análisis correlacional multivariado Teoría del error de medición Evaluación de la confiabilidad Construcción de pruebas Fundamentos del análisis factorial Problemas especiales del análisis factorial Análisis de perfiles, análisis discriminante y medición escalar multidimensional Medición de habilidades Medición de rasgos de personalidad Medida de los sentimientos Variables contingentes  aMaterial complementario / bPsicología / d(11 004094) 0aPSICOMETRÍAxTEORÍA cLB